Le Luxembourg pour les touristes... - Facile - Statistiques

Statistiques générales
  • Ce quiz a été pris 17 fois
  • Le résultat moyen est 14 sur 20
Statistiques - réponses
Question Indice Réponses Indice facile % Correct
Le suffixe internet est lu
100%
Quelles sont les principales villes touristiques ? L Luxembourg
100%
Quelles sont les langues officielles ? Allemand A
94%
La conduite se fait à droite ou à gauche ? Droite
94%
Quelles sont les langues officielles ? Français F
94%
Dans la capitale y-a-t-il un décalage horaire avec Paris ? (oui/non) Non
94%
Quelle est la monnaie ? Euro E
88%
La vitesse hors agglomération est limitée à {130} km/h
81%
Quelles sont les langues officielles ? Luxembourgeois L
81%
Le taux d'alcoolémie toléré au volant est de {0.5} g/l
75%
Quelle autre langue est répandue ? A Anglais
75%
La religion majoritaire est catholicisme C
75%
Quels parcs natiurels peut-on visiter ? O Our RUO
69%
Achats à faire 1/ Douceurs cacaotées Chocolat LOOCACHT
56%
2/ Boisson alcoolisée Vin V
56%
E Esch-sur-Alzette TTZHARCELEUSES
44%
S Schengen CGHENNES
38%
3/ Avertisseur Sifflet FESTIFL
31%
E Echternach CHERCHANTE
25%
M Mellerdall DLLMARELLE
6%
Aucun quiz correspondant
Distribution des résultats
% des personnes avec chaque résultat
Percentile par nombre de réponses
Votre historique - résultats
Vous n’avez pas pris ce quiz